Chapitre Harry Potter 1 - Statistiques

Statistiques générales
  • Ce quiz a été pris 30 fois
  • Le résultat moyen est 10 sur 17
Statistiques - réponses
Numéro de chapitre Nom du chapitre % Correct
1 Le Survivant
82%
5 Le chemin de traverse
77%
13 Nicolas Flamel
73%
12 Le miroir du riséd
68%
15 La forêt interdite
64%
6 Rendez-vous sur la voie 93/4
64%
16 Sous la trappe
64%
9 Duel à minuit
59%
7 Le choixpeau magique
59%
8 Le maître des potions
59%
10 Halloween
55%
4 Le gardien des clés
55%
14 Norbert le dragon
55%
3 Les lettres de nulle part
50%
2 Une vitre disparaît
50%
11 Le match de quidditch
45%
17 L'homme au deux visages
45%
Aucun quiz correspondant
Distribution des résultats
% des personnes avec chaque résultat
Percentile par nombre de réponses
Votre historique - résultats
Vous n’avez pas pris ce quiz